000 00543nam a2200181Ia 4500
008 100917s9999 xx 000 0 und d
082 _b42492
100 _aधारप नारायण
245 _aसमर्थांची स्मरणी
260 _bविशाखा प्रकाशन
_c1976
300 _a118
365 _b8
520 _aकथा
630 _aसमर्थांची स्मरणी
650 _aकथा
730 _aसमर्थांची स्मरणी
942 _cBOOK
999 _c647886
_d647883